British poultry abstracts.

Bibliographic Details
Uniform Title:British poultry abstracts (Online)
Corporate Author: British Poultry Science Ltd
Format: Serial
Language:English
Published: [Abingdon, OX] : Taylor & Francis, [2005-]
Subjects:
Online Availability: Check for online availability

MARC

Tag First Indicator Second Indicator Subfields
LEADER 00000cas a2200000Ia 4500
001 in00002781238
005 20150922121005.0
006 m fo d
007 cr |||||||||||
008 051028c20059999enkar oo 1 0eng d
016 7 |a 013109385  |2 Uk 
022 |a 1746-6210  |y 1746-6202 
029 0 |a OCLCS  |b 134486 
029 0 |a OCLCS  |b OP-47892 
029 1 |a AU@  |b 000043817140 
029 1 |a AU@  |b 000044055955 
029 1 |a NZ1  |b 13259136 
029 1 |a NZ1  |b 14217938 
035 |a (OCoLC)ocm62172886 
035 |a (OCoLC)62172886 
037 |b Taylor & Francis Group Ltd, 4 Park Square, Milton Park, Abingdon OX14 4RN, UK 
040 |a OCLCS  |b eng  |c OCLCS  |d OCLCS  |d OCLCQ  |d UKMGB  |d TXA  |d UtOrBLW 
049 |a TXAM 
050 4 |a SF481  |b .B737 Electronic 
060 4 |a W1  |b BR747K 
130 0 |a British poultry abstracts (Online) 
245 1 0 |a British poultry abstracts. 
264 1 |a [Abingdon, OX] :  |b Taylor & Francis,  |c [2005-] 
264 4 |c ©2005- 
310 |a Annual 
336 |a text  |b txt  |2 rdacontent 
337 |a computer  |b c  |2 rdamedia 
338 |a online resource  |b cr  |2 rdacarrier 
362 1 |a Print began with: Vol. 1, no. 1 (Apr. 2005). 
500 |a "British Poultry Abstracts is a journal which publishes summaries from key national and international meetings, under the aegis of British Poultry Science."--P. 2. of cover. 
538 |a Mode of access: World Wide Web. 
588 |a Description based on: Vol. 1, no. 1 (Apr. 2005); title from PDF article header (Taylor & Francis, viewed Sept. 27, 2012). 
588 |a Latest issue consulted: Vol. 8, no. 1 (Aug. 2012) (Taylor & Francis, viewed Sept. 27, 2012). 
500 |a Electronic resource. 
650 0 |a Poultry  |v Abstracts  |v Periodicals. 
650 0 |a Poultry  |x Diseases  |v Abstracts  |v Periodicals. 
650 1 2 |a Poultry  |v Congresses. 
650 2 2 |a Poultry Diseases  |v Congresses. 
710 2 |a British Poultry Science Ltd. 
776 0 8 |i Print version:  |t British poultry abstracts  |x 1746-6202  |w (DLC) 2005229069  |w (OCoLC)60679970 
787 1 |t British poultry science 
948 |a cataloged  |b h  |c 2012/9/27  |d c  |e spoltoratski  |f 2:51:35 pm  |g sc 
994 |a C0  |b TXA 
999 |a MARS 
999 f f |s 4a94d6cd-7326-3523-933b-a1b0ffab821a  |i 91f1e78b-bb15-3c31-a48d-f54753af4793  |t 0 
952 f f |a Texas A&M University  |b College Station  |c Electronic Resources  |d Available Online  |t 0  |e SF481 .B737  |g Electronic  |h Library of Congress classification 
998 f f |a SF481 .B737  |t 0  |l Available Online